000 00823nam a22001817a 4500
008 110122s1994 ua|||||r|||| 000 0 ara d
020 _a9972390639
082 _a355.009569
_bه و ي
100 _922122
_aهويدي ، أمين
245 _aالحرب والسلام :
_bفي الفكر الاستراتيجي الاسرائيلي /
_cأمين هويدي
260 _aالقاهرة :
_bدار المستقبل العربي ، 1994
_c1994
300 _a64 ص ؛
_b16 سم
490 _922123
_aكتاب المستقبل
541 _aد. باسم أحمد ؛
_cإهداء ؛
651 _914836
_aإسرائيل
_xالسياسة العسكرية
942 _2ddc
_cBB
999 _c14938
_d14938